000 00609nam a2200229Ia 4500
003 OSt
005 20221007104428.0
006 a|||||r|||| 00| 0
007 ta
008 221006b |||||||| |||| 00| 0 eng d
020 _c350/-
024 _a15,798
037 _cVideo
040 _aLCO
_cLCO
_beng
041 _2eng
_aeng
245 4 _aThe (T)error of POTA and other Security Legislations
260 _aNew
_bDelhi Human Rights Law Network India
_c2005
500 _aDirected By:- Gargi Sen, Ranjan De, Neha Mittal
650 _aPOTA
_9706073
942 _cAUD
999 _c1185361
_d1185361